| 000 | 00677nam a2200229Ia 4500 | ||
|---|---|---|---|
| 008 | |||
| 020 | _a039754412X (hbk.) | ||
| 049 | _aMAIN | ||
| 090 |
_aRC440 _bPSY |
||
| 100 | 1 | _aBirckhead, Loretta. | |
| 245 | 1 | 0 |
_aPsychiatric/ mental health nursing : _bthe therapeutic use of self / _cLoretta Birckhead. |
| 260 |
_aPennislavia, CA : _bLippincott, _cc1989. |
||
| 300 |
_axxxi, 798 p. ; _c28 cm. |
||
| 500 | _aIncludes index. | ||
| 650 | 0 | _aPsychiatric nursing. | |
| 740 | 0 | _aNurse and patient. | |
| 907 |
_a.b10184971 _b11-03-14 _c11-01-06 |
||
| 003 | |||
| 005 | 20230120204120.0 | ||
| 040 | _cNUST | ||
| 942 |
_cBOOKS _kRC440 _mPSY |
||
| 999 |
_c117377 _d117377 |
||